Business, government and society <a> managerial perspective, text and cases
Uložené v:
| Hlavný autor: | |
|---|---|
| Ďalší autori: | |
| Médium: | Kniha |
| Jazyk: | English |
| Vydavateľské údaje: |
New York
McGraw-Hill
2009
|
| Vydanie: | 12th ed. |
| Edícia: | Higher Education
|
| Predmet: | |
| Tagy: |
Žiadne tagy, Buďte prvý, kto otaguje tento záznam!
|
MARC
| LEADER | 00000nam a2200000 4500 | ||
|---|---|---|---|
| 001 | 0121662 | ||
| 005 | 20240226124239.7 | ||
| 020 | |a 978-007-127035-9 | ||
| 041 | 0 | |a eng | |
| 044 | |a US | ||
| 245 | 1 | 0 | |a Business, government and society |b <a> managerial perspective, text and cases |c John F. Steiner, George A. Steiner |
| 250 | |a 12th ed. | ||
| 250 | |a international ed. | ||
| 264 | 1 | |a New York |b McGraw-Hill |c 2009 | |
| 300 | |a xiv, 642 s. | ||
| 490 | 1 | |a Higher Education | |
| 830 | 0 | |a Higher Education | |
| 610 | 2 | 0 | |a podnikanie |
| 610 | 2 | 0 | |a vláda |
| 610 | 2 | 0 | |a spoločnosť |
| 610 | 2 | 0 | |a prostredie životné |
| 610 | 2 | 0 | |a zodpovednosť organizácie |
| 610 | 2 | 0 | |a zodpovednosť spoločenská |
| 610 | 2 | 0 | |a etika podnikateľská |
| 610 | 2 | 0 | |a lobizmus |
| 610 | 2 | 0 | |a spoločnosti nadnárodné |
| 610 | 2 | 0 | |a globalizácia |
| 610 | 2 | 0 | |a spoločnosť konzumná |
| 610 | 2 | 0 | |a práva pracovníkov |
| 610 | 2 | 0 | |a štúdie prípadové |
| 100 | 1 | |a Steiner, John F. | |
| 700 | 1 | |a Steiner, George A. | |